The Simpsons 'See My Vest' Lyrics - Statistics

General Stats
  • This quiz has been taken 175 times
  • The average score is 11 of 14
Answer Stats
Hint Answer % Correct
See my ___, see my ___, See my ___. vest
95%
See my vest, see my vest, Made from real ____ ___ gorilla chest
94%
The only thing I'm hunting for, Is an ____ that looks good outfit
89%
Some men hunt for sport, Others hunt for ____ food
86%
See my vest, see my vest, Oh ____, won't you see my vest please
82%
Feel this sweater, there's no better, Than _____ Irish setter authentic
76%
So let's prepare these dogs, Kill ___ for matching clogs two
75%
Try my red robin suit, It comes one ___ or two breast
72%
These white slippers are ____ African endangered rhino. albino
70%
Grizzly bear underwear, Turtles' necks, I've got __ ___ my share
70%
But a greyhound fur ____ would be best tuxedo
64%
Beret of poodle, on my noodle It shall ___ rest
61%
Like my loafers? Former gophers - It was that or ___ my chauffeurs skin
61%
See this hat, 'twas my cat, My _____ ___ - vampire bat evening wear
57%
No matching quizzes found
Score Distribution
Percent of People with Each Score
Percentile by Number Answered
Your Score History
You have not taken this quiz